| 000 | 00776nam a2200241 i 4500 | ||
|---|---|---|---|
| 001 | 172003 | ||
| 003 | ES-MaACL | ||
| 005 | 20250728033016.0 | ||
| 008 | 090610s1981 sp |||| | spa d | ||
| 040 | _cES-MaACL | ||
| 080 | _a77(091) | ||
| 100 | 1 |
_aSougez, Marie-Loup, _d1930-2019 _9140603 _eaut |
|
| 245 | 1 | 0 |
_aHistoria de la fotografía / _cMarie-Loup Sougez. |
| 260 |
_aMadrid : _bCátedra, _c[1981] |
||
| 300 |
_a444 páginas : _bilustraciones (blanco y negro) ; _c18 cm. |
||
| 490 | 1 | _aCuadernos de arte Cátedra | |
| 650 | 4 |
_aFotografía- _vHistoria _912955 |
|
| 830 | 0 |
_aCuadernos arte Cátedra _9181519 |
|
| 852 |
_aES-MaACL _jL-1111 _9R.101676 _cDEPO2 |
||
| 942 |
_cMONOGRAFIA _n0 |
||
| 999 |
_c172003 _d172003 |
||